000 01604nam a2200469 i 4500
001 51777
003 KOSZ 005
005 20211206145439.0
008 010302s2000 pl a |000 0 pol
015 _aUWD 2001/4930
035 _a991015755589705066
035 _a(PL-WaBN)b14241006-48omnis_nlop
035 _ab14241006
035 _a(OCoLC)749774477
035 _a(PL)b0000001424100
035 _a(EXLNZ-48OMNIS_NETWORK)9910529582305606
040 _aWA N
_cWA N
_dKOSZ 005/HR
041 0 _apol
046 _k2000
080 _a004.3
080 _a(075.8)
245 0 0 _aBudowa i projektowanie komputerów :
_bpraca zbiorowa /
_cpod red. Andrzeja Grzywaka i Adama Ziębińskiego.
260 _aGliwice :
_bWydaw. PŚ,
_c2000.
300 _a281, [1] s. :
_bil. ;
_c24 cm.
336 _aTekst
_btxt
_2rdacontent
337 _aBez urządzenia pośredniczącego
_bn
_2rdamedia
338 _aWolumin
_bnc
_2rdacarrier
380 _aKsiążki
388 _a1901-2000
388 _a1989-2000
490 1 _aSkrypty Uczelniane / [Politechnika Śląska],
_x0434-0825 ;
_vnr 2211
504 _aBibliogr.
650 7 _aKomputery
_2DBN
655 7 _aPodręczniki akademickie
_2DBN
658 _aInformatyka i technologie informacyjne
700 1 _aGrzywak, Andrzej
_d(1931-2016)
_eRedakcja
700 1 _aZiębiński, Adam
_eRedakcja
830 0 _aSkrypty Uczelniane - Politechnika Śląska
_vnr 2211
856 _uhttp://koha.tu.koszalin.pl/cgi-bin/koha/opac-detail.pl?biblionumber=51777
_yKatalog online BPK
942 _2UKD
_cKS
999 _c51777
_d51777